| 000 | 01221nam a22003255i 4500 | ||
|---|---|---|---|
| 999 |
_c28127 _d28098 |
||
| 003 | EG-ScBUE | ||
| 005 | 20200217122928.0 | ||
| 008 | 200217r20182000ii a f d 001 0 eng d | ||
| 020 | _a9788123906928 | ||
| 040 |
_aEG-ScBUE _beng _erda _cEG-ScBUE _dEG-ScBUE |
||
| 082 | 0 | 4 |
_a615.321 _bSIN _222 |
| 100 | 1 |
_aSingh, G. K., _eauthor. |
|
| 245 | 1 | 0 |
_aTextbook of pharmacognosy / _cDr. G. K. Singh, M. Pharm., PhD., Senior Lecturer, L. M. College of Science & Technology, Jodhpur, India, Dr. Anil Bhandari, M. Pharm, PhD., Senior Lecturer, L. M. College of Science & Technology, Jodhpur, India. |
| 246 | 3 | 0 | _aPharmacognosy |
| 250 | _aFirst edition. | ||
| 250 | _aReprinted edition. | ||
| 264 | 1 |
_aNew Delhi : _bCBS Publishers & Distributors Pvt. Ltd., _c2018. |
|
| 300 |
_ax, 230 pages : _billustrations ; _c24 cm |
||
| 336 |
_atext _btxt _2rdacontent |
||
| 337 |
_aunmediated _bn _2rdamedia |
||
| 338 |
_avolume _bnc _2rdacarrier |
||
| 500 | _aIncludes glossary. | ||
| 500 | _aIncludes index. | ||
| 500 | _a"As Per education regulation 1991"-- title page. | ||
| 650 | 7 |
_aPharmacognosy. _2BUEsh |
|
| 653 |
_bPPhrm _cFebruary2020 |
||
| 700 | 1 |
_aBhandari, Anil, _eauthor. |
|
| 942 |
_2ddc _cBB |
||